00344nam a2200121Ia 4500008005000000041000800050082001200058100001400070245007700084260003400161300002000195440000700215240112s1978(MAY-AUG) xx 000 0 und d aeng a543.705 aKING J.S. aCLINICAL CHEMISTRY :JOURNAL OF THE AMERICAN ASS.OF THE CLINICAL CHEMISTS bPAUL B.HARPER c1978(MAY-AUG) a1438, HBc(5-8) v24